|
|
|
|
| LEADER |
02220nam a2200445 a 4500 |
| 001 |
EBC286938 |
| 003 |
MiAaPQ |
| 005 |
20200520144314.0 |
| 006 |
m o d | |
| 007 |
cr cn||||||||| |
| 008 |
060901s2006 dcua sb 001 0 eng d |
| 010 |
|
|
|z 2006028230
|
| 020 |
|
|
|z 9780815752219 (pbk. : alk. paper)
|
| 020 |
|
|
|z 0815752210 (pbk. : alk. paper)
|
| 020 |
|
|
|z 9780815752226
|
| 035 |
|
|
|a (MiAaPQ)EBC286938
|
| 035 |
|
|
|a (Au-PeEL)EBL286938
|
| 035 |
|
|
|a (CaPaEBR)ebr10160981
|
| 035 |
|
|
|a (CaONFJC)MIL76568
|
| 035 |
|
|
|a (OCoLC)476039323
|
| 040 |
|
|
|a MiAaPQ
|c MiAaPQ
|d MiAaPQ
|
| 043 |
|
|
|a n-mx---
|
| 050 |
|
4 |
|a HC140.P6
|b P483 2006
|
| 082 |
0 |
4 |
|a 362.5/580972
|2 22
|
| 100 |
1 |
|
|a Levy, Santiago.
|
| 245 |
1 |
0 |
|a Progress against poverty
|h [electronic resource] :
|b sustaining Mexico's Progresa-Oportunidades program /
|c Santiago Levy.
|
| 260 |
|
|
|a Washington, D.C. :
|b Brookings Institution Press,
|c c2006.
|
| 300 |
|
|
|a xi, 166 p. :
|b ill.
|
| 504 |
|
|
|a Includes bibliographical references and index.
|
| 505 |
0 |
|
|a Foreword / James D. Wolfensohn -- Acknowledgments -- Introduction -- Program background -- Program objectives and scope -- Program results -- Program institutional design -- Program perspectives -- Conclusions -- References -- Index.
|
| 520 |
|
|
|a "Case study of Progresa-Oportunidades that describes the origins, objectives, and institutional design and scope of Progresa; provides a broad assessment of results to date; discusses the main challenges faced by the program in the future; and makes some suggestions for poverty programs drawn from the main lessons of the study"--Provided by publisher.
|
| 533 |
|
|
|a Electronic reproduction. Ann Arbor, MI : ProQuest, 2015. Available via World Wide Web. Access may be limited to ProQuest affiliated libraries.
|
| 610 |
2 |
0 |
|a Programa de Educacion, Salud y Alimentacion (Mexico City, Mexico)
|x Evaluation.
|
| 650 |
|
0 |
|a Poor
|z Mexico.
|
| 650 |
|
0 |
|a Poor
|x Government policy
|z Mexico.
|
| 650 |
|
0 |
|a Economic assistance, Domestic
|z Mexico.
|
| 650 |
|
0 |
|a Poverty
|z Mexico.
|
| 655 |
|
4 |
|a Electronic books.
|
| 710 |
2 |
|
|a ProQuest (Firm)
|
| 856 |
4 |
0 |
|u https://ebookcentral.proquest.com/lib/matrademy/detail.action?docID=286938
|z Click to View
|